[Event "GER-ch Youth U14 2020"]
[Site "Willingen"]
[Date "2020.10.20"]
[Round "1.9"]
[White "Halabi, Ibrahim"]
[Black "Mimkes, Antal"]
[Result "1-0"]
[WhiteElo "1895"]
[BlackElo "1567"]
[Annotator "NA RC"]
[PlyCount "131"]
[EventDate "2020.10.20"]
[EventType "swiss"]
[EventRounds "7"]
[EventCountry "GER"]
[SourceTitle "playchess.com"]
[Source "ChessBase"]
[SourceQuality "1"]
[TimeControl "40/5400+30:1800+30"]

{[%evp 9,126,90,63,34,46,46,42,44,52,40,43,46,40,36,46,43,50,7,20,26,31,56,49,45,77,57,108,92,94,-171,-149,-151,-146,-132,-154,-173,32767,32767,-187,-157,32767,11,5,32767,32767,32767,123,32767,132,137,150,32767,191,32767,32767,32767,32767,32767,32767,184,32767,32767,254,154,200,180,32767,32767,266,256,272,32767,32767,32767,32767,32767,32767,32767,267,32767,32767,32767,32767,32767,32767,32767,32767,32767,32767,32767,32767,32767,32767,32767,32767,32767,32767,32767,1449,4752,2109,29979,29979,32767,29943,12845,29984,12846,29985,0,2662,29982,29986,29988,29990,29991,12849,29992,29995]} 1. e4 {[%emt 0:00:00]} d5 {[%emt 0:00:00]} 2. exd5 {[%emt 0:00:00]} c6 {[%emt 0:00:16]} 3. dxc6 {[%emt 0:03:59]} Nxc6 {[%emt 0:01:01]} 4. Nf3 {[%emt 0:00:37]} e5 {[%emt 0:00:42]} 5. Nc3 {[%emt 0:01:47]} Nf6 {[%emt 0:03:43]} 6. d3 {[%emt 0:01:46] B01: Scandinavian Defence.} Bc5 {[%emt 0:02:14]} 7. Be2 {[%emt 0:06:31]} O-O {[%emt 0:05:23]} 8. O-O {[%emt 0:06:16]} h6 {[%emt 0:05:32]} 9. Ne4 {[%emt 0:06:42]} Bb6 {[%emt 0:02:32]} 10. Nxf6+ {[%emt 0:05:31]} Qxf6 {[%emt 0:00:54]} 11. c3 {[%emt 0:13:50]} Bf5 {[%emt 0:03:35]} 12. Be3 {[%emt 0:02:46]} Bc7 {[%emt 0:03:17]} 13. Nd2 {[%emt 0:04:51] [#]} Rad8 $146 {[%emt 0:01:31]} ({Predecessor:} 13... Rfd8 14. Qc2 Qg6 15. Ne4 Ne7 16. Rad1 Nd5 17. Ng3 Be6 18. Bh5 Qh7 19. Ne4 b6 {½-½ (53) Leks,H (2165)-Bakalarz,M (2305) Wroclaw 2010}) 14. Qc2 {[%emt 0:02:12]} Qg6 {[%emt 0:05:31]} 15. Ne4 {[%emt 0:00:41]} h5 {[%emt 0:04:11]} 16. Kh1 {[%emt 0:05:03]} Be6 {[%emt 0:04:20]} 17. f4 {[%emt 0:05:10]} f5 {[%emt 0:04:15]} (17... b6 $14) 18. Ng5 {[%emt 0:01:40]} Bd5 {[%emt 0:02:27]} 19. Bf3 $2 {[%emt 0:04:28]} (19. h4 $16) 19... exf4 {[%emt 0:04:27]} 20. Bxd5+ {[%emt 0:02:39]} Rxd5 {[%emt 0:01:11]} 21. Qb3 {[%emt 0:00:15]} Rfd8 {[%emt 0:01:33]} 22. Qxb7 {[%emt 0:03:27]} fxe3 {[%emt 0:07:14]} 23. Qxc7 {[%emt 0:01:07]} e2 {[%emt 0:04:25]} ({Weaker is} 23... Rxd3 24. Qf4 $15) 24. Rfe1 {[%emt 0:03:18]} Rxd3 {[%emt 0:03:15] [#]} 25. Rxe2 {[%emt 0:02:44]} (25. Qf4 $1 $16) 25... Qxg5 {[%emt 0:08:07]} 26. Qxc6 {[%emt 0:00:46]} Qg4 {[%emt 0:01:12]} 27. Qe6+ {[%emt 0:01:13]} Kh8 {[%emt 0:02:26]} (27... Kh7 $14) 28. Rae1 {[%emt 0:02:59]} Rd2 {[%emt 0:03:18] [#]} 29. h3 $1 {[%emt 0:01:27]} Rxe2 {[%emt 0:02:57]} 30. Qxe2 {[%emt 0:01:18]} Qg5 {[%emt 0:00:58]} 31. Rd1 {[%emt 0:04:48]} Rf8 {[%emt 0:03:02]} 32. Qf3 {[%emt 0:01:19]} Rb8 {[%emt 0:02:33]} 33. b3 {[%emt 0:00:38]} Re8 {[%emt 0:01:35]} 34. Rf1 {[%emt 0:02:28]} Rf8 {[%emt 0:01:55]} 35. c4 {[%emt 0:00:30]} g6 {[%emt 0:02:26]} 36. Qf4 {[%emt 0:00:59]} (36. c5 $18) 36... Qf6 {[%emt 0:00:56]} 37. Rd1 {[%emt 0:00:27]} g5 {[%emt 0:01:59]} 38. Qd4 {[%emt 0:01:16]} g4 {[%emt 0:01:30]} (38... Qxd4 $142 39. Rxd4 Kg7) 39. Qxf6+ {[%emt 0:00:23]} Rxf6 {[%emt 0:00:06]} 40. hxg4 {[%emt 0:00:35]} hxg4 {[%emt 0:00:37]} 41. Rd8+ {[%emt 0:30:17]} Kg7 {[%emt 0:30:40]} 42. Rd7+ {[%emt 0:00:06]} Kg6 {[%emt 0:00:24]} 43. c5 {[%emt 0:00:00]} Kg5 $2 {[%emt 0:00:00]} (43... Re6 $1 $11 {and Black is okay.}) 44. g3 {[%emt 0:00:00]} Rc6 {[%emt 0:00:00]} 45. b4 {[%emt 0:00:00]} a5 {[%emt 0:00:00]} 46. a3 {[%emt 0:00:00]} axb4 {[%emt 0:00:00]} 47. axb4 {[%emt 0:00:00]} Ra6 {[%emt 0:00:00]} 48. Rd2 {[%emt 0:00:00]} Ra1+ {[%emt 0:00:00]} 49. Kg2 {[%emt 0:00:00]} Rb1 {[%emt 0:00:00]} 50. Rd4 {[%emt 0:00:00]} Rb2+ {[%emt 0:00:00]} 51. Kf1 {[%emt 0:00:00]} Rb1+ {[%emt 0:00:00]} 52. Ke2 {[%emt 0:00:00]} Rb2+ {[%emt 0:00:00]} 53. Kd3 {[%emt 0:00:00]} Rb3+ {[%emt 0:00:00]} 54. Kc2 {[%emt 0:00:00]} Rxg3 {[%emt 0:00:00]} 55. c6 {[%emt 0:00:00]} Rh3 {[%emt 0:00:00]} 56. c7 {[%emt 0:00:00]} Rh2+ {[%emt 0:00:00]} 57. Rd2 {[%emt 0:00:00]} Rh8 {[%emt 0:00:00]} 58. Rd8 {[%emt 0:00:00]} Rh2+ {[%emt 0:00:00]} 59. Rd2 $2 {[%emt 0:00:00]} (59. Kd3 {mates} Rh3+ 60. Kd4 Rh1 61. c8=Q Rd1+ 62. Ke3 Re1+ 63. Kf2 Re7 64. Rg8+ Kf4 65. Qd8) 59... Rh8 {[%emt 0:00:00]} 60. b5 {[%emt 0:00:00]} g3 {[%emt 0:00:00]} 61. b6 {[%emt 0:00:00]} Rc8 {[%emt 0:00:00]} 62. Rd8 {[%emt 0:00:00]} g2 {[%emt 0:00:00]} 63. Rxc8 {[%emt 0:00:00]} Kh4 {[%emt 0:00:00]} 64. Rh8+ {[%emt 0:00:00]} Kg3 {[%emt 0:00:00]} 65. Rg8+ {[%emt 0:00:00]} Kf2 {[%emt 0:00:00]} 66. c8=Q {[%emt 0:00:00]} 1-0

[Event "GER-ch Youth U14 2020"]
[Site "Willingen"]
[Date "2020.10.20"]
[Round "1.10"]
[White "Tovmasyan, Minas"]
[Black "Bui, Bao Anh Le"]
[Result "0-1"]
[WhiteElo "1658"]
[BlackElo "2149"]
[Annotator "TA"]
[PlyCount "52"]
[EventDate "2020.10.20"]
[EventType "swiss"]
[EventRounds "7"]
[EventCountry "GER"]
[SourceTitle "playchess.com"]
[Source "ChessBase"]
[SourceQuality "1"]

{[%evp 20,52,39,13,65,14,14,2,14,-34,-34,-34,-34,-29,-25,-34,-34,-34,-30,-30,-29,-158,-165,-247,-248,-247,-246,-1186,-1168,-1298,-1325,-29991,-29992,-29993,-29994]} 1. d4 d5 2. c4 e6 3. Nf3 c6 4. Qc2 Nf6 5. Nbd2 Nbd7 6. g3 Be7 7. Bg2 O-O 8. O-O b6 9. e4 dxe4 10. Nxe4 Bb7 {The main line 10...Bb7 scores better than 10...Nxe4.} 11. Ne5 Qc8 {[#] E09: Closed Catalan: Main Line: 7 Qc2 c6 8 Nbd2.} (11... Nxe4 $11 12. Bxe4 Nxe5 13. dxe5 (13. Bxh7+ Kh8 $11) 13... g6) 12. b3 $146 ({Better is} 12. Bg5 $14) ({Predecessor:} 12. Bg5 Qd8 13. Nxd7 Nxd7 14. Bxe7 Qxe7 15. c5 Nf6 16. Nd6 Rfd8 17. Rfd1 Rxd6 18. cxd6 Qxd6 19. a3 {½-½ (88) Severino,S (2363)-Ng,S (1946) Pattaya 2019}) 12... c5 $11 13. Nxd7 Nxd7 {The position is equal.} 14. Be3 f5 15. Nc3 Bxg2 16. Kxg2 {[#]} f4 $1 {[%mdl 512]} 17. Bxf4 {Hoping for Rae1.} cxd4 18. Ne4 Qc6 $36 {[%mdl 2048] aiming for ...e5. White is under pressure.} 19. f3 Rf5 {And now ...g5 would win.} 20. Qd2 {[#]} (20. Rad1 $11) 20... Raf8 $1 $17 21. Qd3 {[#]} (21. Kg1 {is a better defense.}) 21... g5 $1 $19 {[%cal Rg5f4]} 22. Bxg5 Bxg5 23. g4 $2 (23. Qxd4 Be7 24. Rae1) 23... Ne5 {[%mdl 64] Double Attack} 24. Qe2 d3 25. Qd1 Rxf3 {[%mdl 64] Remove Defender} 26. Rxf3 Qxe4 {[%mdl 64] Double Attack, Pin. Black took control after the opening. Av CentiPawn Loss W=-159/B=-3. Weighted=-145/-1} 0-1

[Event "GER-ch Youth U14 2020"]
[Site "Willingen"]
[Date "2020.10.20"]
[Round "1.11"]
[White "Foerster-Yialamas, Lucas"]
[Black "Ehrig, Leon Chris"]
[Result "1-0"]
[WhiteElo "2033"]
[BlackElo "1718"]
[Annotator "TA"]
[PlyCount "211"]
[EventDate "2020.10.20"]
[EventType "swiss"]
[EventRounds "7"]
[EventCountry "GER"]
[SourceTitle "playchess.com"]
[Source "ChessBase"]
[SourceQuality "1"]

{[%evp 9,211,22,18,0,-7,-12,-2,-84,18,2,51,34,70,23,27,22,26,11,15,17,45,43,39,0,23,29,31,0,0,0,0,0,0,0,3,5,21,22,24,20,87,91,95,14,14,14,14,16,16,0,0,0,0,0,0,0,0,0,0,0,0,0,0,0,0,0,0,0,0,0,0,0,0,0,0,0,0,0,0,0,0,0,8,8,8,0,22,22,22,22,34,34,93,34,34,0,34,48,48,0,22,0,0,0,0,0,63,0,0,0,0,0,0,0,0,0,0,0,0,0,0,0,0,0,0,0,0,0,0,0,0,0,0,0,0,0,0,0,0,0,0,0,0,0,0,0,0,0,0,0,0,0,0,0,0,0,0,0,0,0,0,0,0,0,0,0,0,0,0,0,0,0,0,0,0,0,0,0,0,0,0,0,0,0,0,0,0,0,0,0,0,0,29976,29977,29977,29978,29980,29980,29980,29981,29981,29982,29983,29984]} 1. e4 c6 2. d4 d5 3. e5 c5 4. dxc5 e6 5. Nf3 Bxc5 6. c4 {B12: Caro-Kann: Advance Variation.} Ne7 7. Nc3 O-O {[#]} 8. Bd3 $146 (8. cxd5 $11 exd5 9. Bd3) ({Predecessor:} 8. cxd5 exd5 9. Bd3 Bf5 10. O-O Bg6 11. Bxg6 hxg6 12. Qd3 Nbc6 13. Ng5 Qd7 14. Nce4 Nxe5 15. Nxc5 Nxd3 16. Nxd7 {1-0 (35) Fedorchuk,S (2650)-Aranaz Portugues,J (2125) Jaen 2011}) 8... h6 ({Black should play} 8... dxc4 $17 9. Bxc4 Qxd1+ 10. Nxd1 b6) 9. O-O a6 10. Qe2 dxc4 11. Bxc4 b5 12. Bd3 Bb7 13. Ne4 Nd7 14. Rd1 Nd5 15. Bb1 Qe7 16. Qc2 (16. Nxc5 {keeps more tension.} Nxc5 17. Qc2 f5 18. exf6 Nxf6 19. Ne5) 16... f5 (16... Nb4 {seems wilder.} 17. Qe2 Nd5) 17. exf6 N5xf6 18. Rxd7 (18. Nxc5 {feels hotter.} Qxc5 19. Qxc5 Nxc5 20. Ne5 Rfd8 21. Re1) 18... Bxe4 19. Rxe7 Bxc2 20. Rxe6 Bxb1 21. Rxb1 Rfe8 22. Rc6 Ne4 23. Be3 Bxe3 24. fxe3 Rad8 (24... Nf6 $1 $11) 25. Rxa6 $16 Nd2 26. Nxd2 ({White should try} 26. Re1 $16) 26... Rxd2 {[%mdl 4096] Endgame KRR-KRR} 27. Ra3 Rc8 28. Rc3 Rf8 29. Rf1 {Black must now prevent Rxf8+.} Ra8 30. a3 Rxb2 31. Rf4 Ra2 32. Rc7 R2xa3 33. Rg4 Ra1+ 34. Kf2 Rf8+ 35. Kg3 Rf7 36. Rc5 Ra3 37. Re5 Rb7 38. Rb4 Kf7 39. Kf3 Ra5 40. h4 Ra4 41. Rxa4 bxa4 $11 {KR-KR} 42. Ra5 Rb4 43. e4 Kf6 44. h5 Rb3+ 45. Kf4 a3 46. Ra6+ Ke7 47. g4 Kf7 48. Kf5 Rf3+ 49. Ke5 Rb3 50. Ra7+ Ke8 {[#]} (50... Kf8 $14) 51. Kf4 (51. Kf5 $1 $16) 51... Kf8 $14 52. e5 Rc3 53. Kf5 Rb3 $1 54. Ke4 (54. Ke6 {is more complex.} Rb6+ 55. Kd7 Kf7 56. Rxa3 Rb7+ 57. Kd6) 54... Rb4+ 55. Kf3 Rb3+ 56. Kf4 (56. Ke4 $11) 56... Rb4+ 57. Kf5 Rb3 58. e6 ({Better is} 58. Ke6 $14 Rb6+ 59. Kd7) 58... Rb5+ 59. Kf4 Rb4+ 60. Ke5 Rxg4 61. Rxa3 Ke7 62. Ra7+ Ke8 63. Rb7 (63. Kd6 {looks sharper.} Rd4+ 64. Kc6 Rg4 65. Rb7 Rg1 66. Kd5) 63... Rg2 64. Rb4 (64. Rb1 {is interesting.} Re2+ 65. Kd6 Rd2+ 66. Ke5 Re2+) 64... Ke7 {And now ...Rg5+ would win.} (64... Rg1 {keeps more tension.} 65. Kd6 Rd1+ 66. Ke5 Re1+ 67. Kd6 Rd1+) 65. Rb7+ Ke8 66. Rc7 (66. Rb1 {feels hotter.} Re2+ 67. Kd6 Rd2+ 68. Ke5 Re2+) 66... Rg1 67. Kf4 Rf1+ 68. Ke4 Re1+ 69. Kf5 Rf1+ 70. Kg6 Rf6+ 71. Kxg7 Rxe6 72. Rc8+ Ke7 (72... Kd7 {seems wilder.} 73. Rf8 Ke7 74. Rf4 Rb6 75. Rf7+ Ke8) 73. Rc1 Rd6 74. Re1+ Re6 75. Rg1 (75. Ra1 {looks sharper.} Re5 76. Ra7+ Ke6 77. Kg6 Rg5+ 78. Kxh6 Rg1 79. Ra6+) 75... Rd6 76. Rg2 Re6 77. Rg6 Re5 78. Kxh6 Kf7 79. Rg2 Rf5 80. Rg1 Kf6 81. Rg8 {White wants to mate with Rf8+.} Kf7 82. Rg6 Rf6 83. Kh7 Rf5 84. h6 Re5 85. Rg7+ Kf6 86. Rg1 Re7+ 87. Rg7 {Threatening mate with Rxe7.} Re5 (87... Re1 {with more complications.} 88. Rg6+ Kf7 89. Rg8 Rd1 90. Kh8 Rh1) 88. Ra7 Re8 89. Ra6+ Kf7 90. Ra1 {Rf1+ would kill now.} Kf6 91. Rf1+ Kg5 92. Rg1+ (92. Kg7 $5 {[%cal Rh6h7]} Re7+ 93. Kf8 $11) 92... Kf6 93. Rg6+ Kf7 94. Ra6 (94. Rg1 {feels hotter.} Rf8 95. Rf1+ Ke7 96. Ra1 Kf6 97. Ra6+) 94... Re5 95. Ra7+ (95. Ra1 $5 {[%cal Ra1f1]} Kf6 96. Kg8 Re8+ 97. Kh7 $11) 95... Kf6 96. Rg7 Re8 97. Rb7 Re5 98. Rb6+ Kf7 99. Ra6 Re8 100. Ra2 {Intending Rf2+ and mate.} Re6 $2 {[%mdl 8192] [#]} (100... Kf6 $11) 101. Rf2+ {White mates.} Ke7 102. Kg7 Re4 103. Rg2 Rf4 104. h7 Rf7+ 105. Kh6 Rf6+ 106. Rg6 {Av CentiPawn Loss W=-4/B=-16. Weighted=-5/-18} 1-0

[Event "GER-ch Youth U14 2020"]
[Site "Willingen"]
[Date "2020.10.20"]
[Round "1.12"]
[White "Albert, Markus"]
[Black "Ermitsch, Magnus"]
[Result "1-0"]
[WhiteElo "1727"]
[BlackElo "2049"]
[Annotator "TA"]
[PlyCount "81"]
[EventDate "2020.10.20"]
[EventType "swiss"]
[EventRounds "7"]
[EventCountry "GER"]
[SourceTitle "playchess.com"]
[Source "ChessBase"]
[SourceQuality "1"]

{[%evp 16,81,38,35,40,42,38,29,40,41,46,25,32,-18,46,35,63,49,55,53,67,47,113,75,103,98,105,105,116,115,113,110,107,85,84,94,137,135,195,199,206,197,318,320,308,298,308,314,318,318,523,497,505,514,849,862,816,751,622,613,603,595,787,779,732,710,29987,1112]} 1. e4 c5 2. Nf3 e6 3. d4 cxd4 4. Nxd4 Nc6 5. Nc3 Qc7 6. Be3 a6 7. a3 Nf6 8. f4 d6 9. Qf3 e5 {B82: Sicilian Scheveningen: 6 f4.} 10. Nxc6 bxc6 11. fxe5 dxe5 {White has an edge.} 12. Bc4 {[#]} Be7 $146 ({Predecessor:} 12... Rb8 13. O-O Be7 14. Qg3 O-O 15. Bd4 Ng4 16. Kh1 Bh4 17. Qxh4 exd4 18. Nd1 a5 {0-1 (30) Poghosyan,T (2182)-Pavlidis,A (2522) Hoogeveen 2015}) 13. O-O O-O 14. Kh1 Kh8 (14... Bg4 $11 15. Qg3 Bh5) 15. h3 $36 {[%mdl 2048] White has good play.} Bb7 16. Rae1 Rad8 17. Qe2 a5 18. Bg1 c5 {White now steadily converts the win.} ({Black should play} 18... Rd7 $14) 19. Rd1 Qb8 20. Rxd8 Qxd8 21. Rd1 Qb6 22. b3 Kg8 23. Bh2 Bd6 24. Nd5 Bxd5 25. Bxd5 Nxd5 26. Rxd5 f6 (26... Rc8 $16) 27. Qc4 $18 {Black must now prevent Rxd6+.} Kh8 28. Bg1 f5 (28... h6 $142 29. b4 (29. Bxc5 Bxc5 30. Qxc5 Qxc5 $16) 29... axb4) 29. Bxc5 Bxc5 30. Qxc5 {[%cal Rc5f8][%mdl 4096] Endgame KQR-KQR} Qf6 31. Rxe5 fxe4 32. Rxe4 Qf1+ $2 (32... h6 33. Kh2 Qd8) 33. Kh2 h6 34. Qxa5 Rf2 (34... Qf2 $142 35. Qc3 Rf6 36. Re8+ Kh7) 35. Re8+ Kh7 36. Qd5 Rf5 37. Qg8+ Kg6 38. Re6+ Kh5 {intending ...Qf4+.} 39. Qxg7 {[%csl Gg7][%cal Re6h6]} Qf4+ 40. Qg3 Rg5 {[#]} 41. Rxh6+ $1 {[%mdl 512] Av CentiPawn Loss W=-41/B=-61. Weighted=-61/-83} 1-0

[Event "GER-ch Youth U14 2020"]
[Site "Willingen"]
[Date "2020.10.20"]
[Round "1.13"]
[White "Ohler, Julius"]
[Black "Kort, Felix"]
[Result "0-1"]
[WhiteElo "2011"]
[BlackElo "1823"]
[Annotator "TA"]
[PlyCount "64"]
[EventDate "2020.10.20"]
[EventType "swiss"]
[EventRounds "7"]
[EventCountry "GER"]
[SourceTitle "playchess.com"]
[Source "ChessBase"]
[SourceQuality "1"]

{[%evp 15,64,10,22,10,21,0,21,0,0,-8,6,0,-32,-51,-11,-80,-74,-129,-94,-137,-129,-145,-122,-227,-104,-131,-99,-127,-59,-222,-177,-117,-17,-333,-343,-327,-339,-375,-368,-479,-465,-622,-611,-864,-852,-806,-563,-577,-545,-490,-487]} 1. d4 f5 2. c4 Nf6 3. Nc3 g6 4. g3 Bg7 5. Bg2 O-O 6. Nf3 d6 7. O-O c6 {seems to push 7...Qe8 aside.} 8. Qc2 Na6 9. Re1 {A88: Dutch Defence: Leningrad System: 5 Nf3 0-0 6 0-0 d6 7 Nc3 c6.} Qe8 10. e4 e5 (10... Nb4 $5 {[%cal Rb4c2]} 11. Qb3 Nd3 $11) 11. dxe5 {The position is equal.} dxe5 12. Bg5 Nc5 13. Bxf6 Bxf6 {[#]} 14. Rad1 $146 ({Predecessor:} 14. b4 fxe4 15. Nd2 Nd3 16. Reb1 Be7 17. Ndxe4 Nxb4 18. Qe2 Na6 19. Qe3 b6 20. a4 {1-0 (79) Gholami,A (2325)-Stopa,J (2540) Rasht 2015}) 14... Qf7 15. b3 (15. b4 $11 Nxe4 16. Nxe4 fxe4 17. Qxe4) 15... f4 $17 16. b4 ({White should try} 16. gxf4 Bg4 17. Ne2) 16... Ne6 17. Qd3 g5 18. h3 h5 19. Nh2 {[#]} (19. g4 $17) 19... Nd4 (19... Be7 $1 $19 20. b5 Bb4) 20. Ne2 Rd8 21. gxf4 exf4 (21... gxf4 $17 {And now ...Be6 would win.} 22. Nxd4 Rxd4 {[%mdl 64] Double Attack}) 22. Nf3 $2 (22. Nxd4 $15 Rxd4 23. Qe2) 22... Nxe2+ 23. Qxe2 Be6 (23... g4 $17 {Strongly threatening ...Be6.} 24. Rxd8+ Bxd8) 24. Nd2 $2 {[%mdl 8192] [#]} (24. e5 $11 Be7 25. Nd4) 24... g4 25. e5 Be7 26. hxg4 hxg4 27. f3 g3 {Black is clearly winning.} 28. a3 Kg7 29. c5 Rh8 30. Nf1 Rh7 31. Rd4 {and the idea Qd2 leaves White hopeful.} Rah8 32. Qd2 Rh4 {Av CentiPawn Loss W=-55/B=-32. Weighted=-75/-32} 0-1

[Event "GER-ch Youth U14 2020"]
[Site "Willingen"]
[Date "2020.10.20"]
[Round "1.14"]
[White "Raasch, Hauke"]
[Black "Chassard, Cedric"]
[Result "0-1"]
[WhiteElo "1676"]
[BlackElo "1916"]
[Annotator "TA"]
[PlyCount "131"]
[EventDate "2020.10.20"]
[EventType "swiss"]
[EventRounds "7"]
[EventCountry "GER"]
[SourceTitle "playchess.com"]
[Source "ChessBase"]
[SourceQuality "1"]

{[%evp 9,131,-27,0,-31,-8,-11,10,0,11,0,0,0,0,0,-3,-27,-2,-10,-9,-10,-9,-14,-12,-32,-27,-23,-23,-32,-39,-22,-22,-22,-19,-44,-50,-42,-42,-54,-33,-51,-43,-106,-106,-139,-6,-66,-66,-139,-139,-139,-139,-139,-139,-141,-31,-39,-8,-10,0,-43,-46,-960,-958,-742,-941,-951,-908,-912,-855,-845,-490,-787,-490,-496,-482,-481,-481,-473,-473,-466,-459,-451,-433,-431,-431,-405,-66,-66,0,-141,-141,-141,0,0,0,0,0,0,0,0,2539,1893,1431,1371,29979,29980,29980,29981,29981,29982,29982,29981,29981,29981,29982,29983,29987,29988,29988,29989,29991,29992,29992,29993]} 1. d4 Nf6 2. Bg5 d5 3. Bxf6 gxf6 4. e3 c5 5. c3 Nc6 6. g3 {D00: 1 d4 d5: Unusual lines.} e6 7. Bg2 f5 8. Ne2 {[#] The position is equal.} Qb6 $146 ({Predecessor:} 8... Qc7 9. Nf4 Bd7 10. Nd2 O-O-O 11. Qc2 Kb8 12. O-O-O cxd4 13. cxd4 Qa5 14. a3 Nxd4 {0-1 (27) Stojkovska,M (1869)-Kazimova,N (2148) Herceg Novi 2008}) 9. Qb3 Bd7 (9... Na5 {is interesting.} 10. Qc2 cxd4 11. Nxd4 Bd7 12. Nd2 Bg7) 10. Nd2 Na5 11. Qxb6 axb6 12. O-O c4 13. Nf4 b5 14. a3 Bd6 15. Nh5 Ke7 16. f3 Rhg8 17. e4 Rg5 {...fxe4 is the strong threat.} 18. Nf4 Bxf4 $1 19. gxf4 Rg6 20. Kf2 Nc6 {[%cal Ba5c6,Bc6e7,Be7c8][%mdl 32]} 21. e5 Rag8 22. Rg1 Rh6 $36 {[%mdl 2048] Black is pushing.} 23. h3 Rhg6 24. Bh1 Kd8 25. h4 {[#]} (25. Rxg6 $15 hxg6 26. Bg2) 25... Ne7 $1 $17 26. h5 R6g7 (26... Rxg1 $17 27. Rxg1 Rxg1 28. Kxg1 Nc8) 27. Rxg7 (27. Bg2 $11) 27... Rxg7 $15 28. Rg1 (28. Bg2 $15) 28... Rxg1 $17 29. Kxg1 {[%mdl 4096] Endgame KBN-KBN} Nc8 30. Nf1 Nb6 31. Ne3 b4 (31... Be8 $17 32. h6 Na4) 32. axb4 $15 Ba4 33. Kf2 Bb3 34. Ke2 Na4 35. Nd1 $2 {[%mdl 8192]} (35. h6 $15) 35... Bxd1+ $1 $19 36. Kxd1 Nxb2+ {KB-KN} 37. Kd2 Na4 38. Bg2 Ke7 39. Bf1 Kf8 40. h6 {[#]} (40. b5 $142 Kg7 41. Bh3) 40... f6 $1 {[%mdl 512]} 41. Be2 (41. exf6 Kf7) 41... Kf7 42. Bd1 {[#]} Nb6 $1 43. Ke2 Kg6 44. Kf2 Kxh6 45. Kg3 Kh5 46. Bc2 h6 47. Bd1 fxe5 $2 (47... Kg6 $19 48. Bc2 Na8) 48. fxe5 $15 f4+ (48... Na8 $15) 49. Kh3 (49. Kxf4 $11 {was the only way to keep the balance.} Kh4 50. Bc2) 49... Kg5 $17 50. Bc2 Nd7 ({Black should play} 50... h5 $17 51. Bd1 Na8) 51. Ba4 $11 Nf8 52. Be8 Nh7 53. b5 b6 54. Bf7 Kf5 $2 {[%mdl 8192]} (54... Nf8 $11) 55. Kh4 $18 Ng5 56. Bh5 Ne4 57. Bg4+ {White mates.} Kg6 58. fxe4 dxe4 59. Bxe6 {KB-KP} h5 60. Bxc4 f3 61. Kg3 h4+ 62. Kxh4 Kf5 63. Kg3 f2 64. Kxf2 Kf4 65. e6 e3+ 66. Ke2 {[%mdl 32768] Av CentiPawn Loss W=-36/B=-52. Weighted=-44/-74. Sensor Board Error (Ke4/e5)?} 0-1

[Event "GER-ch Youth U14 2020"]
[Site "Willingen"]
[Date "2020.10.20"]
[Round "1.15"]
[White "Pikalow, Michael"]
[Black "Wiedersich, Hendryk"]
[Result "1-0"]
[WhiteElo "2021"]
[BlackElo "1570"]
[Annotator "TA"]
[PlyCount "65"]
[EventDate "2020.10.20"]
[EventType "swiss"]
[EventRounds "7"]
[EventCountry "GER"]
[SourceTitle "playchess.com"]
[Source "ChessBase"]
[SourceQuality "1"]

{[%evp 12,65,133,39,83,77,120,96,115,108,107,111,137,47,58,69,260,166,161,166,195,147,160,157,155,166,152,162,154,152,174,154,489,501,485,466,632,607,785,546,1256,1247,1367,1328,1346,1308,29975,29975,29989,29990,29993,29993,29994,29995,29995,29996]} 1. e4 c5 2. Nc3 Nc6 3. Nf3 g6 4. d4 cxd4 5. Nxd4 Bg7 6. Be3 a6 {[#]} 7. Qd2 (7. Nd5 $1 $16 {And now Nf3 would win.} Be5 8. Ne2) 7... e6 {B34: Sicilian: Accelerated Dragon with 5 Nc3: sidelines.} 8. O-O-O Nge7 9. Nxc6 Nxc6 {[#] White is better.} 10. Bh6 $146 ({Predecessor:} 10. h4 Nb4 11. Kb1 Qc7 12. h5 Qa5 13. Bd4 O-O 14. hxg6 fxg6 15. Bxg7 Kxg7 16. Qh6+ Kf6 17. Qxf8+ {1-0 (17) Kalousek,Z (1979)-Lipcak,J Koh Lanta Island 2012}) 10... O-O 11. h4 b5 12. h5 ({White should play} 12. Bxg7 $16 Kxg7 13. h5) 12... Bxh6 $1 $14 13. Qxh6 Qf6 $2 (13... g5 $14) 14. Rd3 {aiming for hxg6.} Qg7 {[#]} 15. Qd2 $1 Ne7 16. Rdh3 $40 {[%mdl 128] White has strong attack.} g5 17. h6 Qe5 18. Rg3 {[%cal Bh3g3,Bg3g4,Bg4d4][%mdl 32]} f6 19. f4 $1 {[%cal Rf4e5]} Qc7 20. Rg4 Ng6 {[%cal Rg6f4]} 21. fxg5 f5 $2 {Loses the game.} (21... Bb7 $16 22. gxf6 Rxf6) 22. exf5 $18 exf5 23. Rd4 ({Less strong is} 23. Qd4 Qe5 $16) (23. Qd5+ Kh8 $16) 23... Rf7 24. Nd5 Qc6 25. Rh3 Rb8 26. Rc3 Qb7 27. Re3 d6 28. Nf6+ {[%mdl 64] Discovered Attack} Kh8 29. Rxd6 {White mates.} Qc7 30. Rd8+ Rf8 31. Ree8 Qf7 32. Rxf8+ Nxf8 {[#]} 33. Qd6 $1 {Av CentiPawn Loss W=-23/B=-115. Weighted=-26/-127} 1-0